000 00716cam a22002531 4500
001 sa 68004787
003 DLC
005 20260227112504.0
008 881102s1967 xx 000 0 gujo
010 _asa 68004787
035 _a(OCoLC)23538039
040 _aDLC
_cMiU
_dDLC
042 _apremarc
050 0 0 _aPK1847
_b.B5
100 1 _aBhatt, Upendra R.,
_d1916-
245 1 0 _aSāhityanī paribhāshā.
260 _c[1967]
300 _a5, 104 p.
_c15 cm.
500 _aRomanized.
650 0 _aLiterature
_xTerminology
650 0 _aEnglish language
_xDictionaries
_xGujarati.
740 0 _aTerminology of literary words.
810 2 _aGujarat Vidyapith.
_tGujarāta Vidyāpīṭha granthāvali ;
_v153.
999 _c80344
_d80344